000 01280 a2200253 4500
008 090523t xxu||||| |||| 00| 0 hin d
010 _aB-288758-815
020 _a8187471271(भा-1)
_c495.00
020 _a818747126x(भा-2)
_c495.00
020 _a8187471296
035 _aB-288758-815, B-111813
037 _bस्टैण्डर्ड पब्लिशर्स
040 _adpl
_bHIN
082 _a230.1
100 _aराहुल
245 _aमहाभारत मूल कथा /
_cराहुल
260 _aनई दिल्ली
_bस्टैण्डर्ड पब्लिशर्स
_c2006
270 _aजी-126/2,स्ट्रीट नं-26,रजापुरी मेन रोड,उत्तम नगर
_bदिल्ली
_e110059
300 _a304पृ.
_c22सेमी (सजिल्द)
300 _a304पृ.
_b22सेमी (सजिल्द)
490 _v2भाग
942 _adpl
_cHN
_k /राहुल
_2ddc
_h230.1
_mराहुल
999 _c12476
_d12476